| 000 | 00465nam a2200097Ia 4500 | ||
|---|---|---|---|
| 008 | 170517s9999 xx 000 0 und d | ||
| 245 | 4 | _aThe Truth About Food | |
| 300 | _aEvery day we are bombarded with messages about food. What to eat and what not to eat, but what can science tell us? To test the effects of food in our bodies BBC commissioned top scientists from around the... | ||
| 650 | _xTechnology. | ||
| 856 | _uhttp://topdocumentaryfilms.com/truth-about-food/ | ||
| 999 |
_c335123 _d335123 |
||